000 00311nam a22001337a 4500
008 171018b xxu||||| |||| 00| 0 eng d
020 _a0258015752
041 _aeng
080 _23 ED
_a338
100 _a53
101 _aMEN
245 _aMANGERIAL ECONOMICS ANALYSIS AND CASES
_cHENRY.H
942 _2udc
_cBK
999 _c34787
_d34787